000 00823nam a22002778i 4500
999 _c2560
_d2560
001 018163298
003 Uk
005 20230714080450.0
008 161101s2017 enk j 000|0|eng|d
020 _a9780008210212
040 _aStDuBDS
_beng
_cStDuBDS
_erda
_dKH8
082 0 4 _a540 SUN
100 1 _aSunley, Chris,
_eauthor.
245 1 0 _aCambridge IGCSE co-ordinated sciences chemistry student book /
_cChris Sunley, Sam Goodman.
263 _a201703
264 1 _aLondon :
_bCollins,
_c[2017]
300 _a344 pages ;
_c27 cm
336 _atext
_2rdacontent
337 _aunmediated
_2rdamedia
338 _avolume
_2rdacarrier
500 _aIncludes index
650 0 _aChemistry.
650 0 _aChemistry
_vProblems, exercises, etc.
700 1 _aGoodman, Sam
_c(Principal examiner),
_eauthor.
942 _2ddc
_cTR